000
00311nam a22001337a 4500
008
170802b xxu||||| |||| 00| 0 eng d
020
_a
3519022656
041
_a
eng
080
_a
004
100
_a
32
101
_a
SHKI
245
_a
SYSTEMATISCHER EBNTWURF DIGITALER SYSTEME
_c
TEUBNER, B.G
942
_2
udc
_c
BK
999
_c
22551
_d
22551